Online
Catalog

La espina / (Record no. 21416)

MARC details
000 -CABECERA
campo de control de longitud fija 00779nam a2200229 a 4500
001 - NÚMERO DE CONTROL
campo de control 000021918
005 - FECHA Y HORA DE LA ÚLTIMA TRANSACCIÓN
campo de control 20200930011513.0
008 - DATOS DE LONGITUD FIJA--INFORMACIÓN GENERAL
campo de control de longitud fija 100914n1900uuuuec 000 f spa d
040 ## - FUENTE DE LA CATALOGACIÓN
Centro catalogador/agencia de origen DO-SdBNP
Lengua de catalogación spa
Centro/agencia transcriptor BNPHU
082 ## - NÚMERO DE LA CLASIFICACIÓN DECIMAL DEWEY
Número de clasificación E863.44
Número de documento/Ítem C318e
049 ## - FONDOS LOCALES (OCLC)
Fondos de biblioteca BNGR
100 1# - ENTRADA PRINCIPAL--NOMBRE DE PERSONA
Nombre de persona Carrión Aguirre, Alejandro,
Fechas asociadas al nombre 1915-1992
9 (RLIN) 45486
245 13 - MENCIÓN DE TÍTULO
Título La espina /
Mención de responsabilidad, etc. Alejandro Carrión Aguirre ; introducción Hernan Rodríguez Castelo.
260 ## - PUBLICACIÓN, DISTRIBUCIÓN, ETC.
Lugar de publicación, distribución, etc. Quito,(Ecuador) :
Nombre del editor, distribuidor, etc. Publicaciones Educativas Ariel,
Fecha de publicación, distribución, etc. 1900?.
300 ## - DESCRIPCIÓN FÍSICA
Extensión 215 p. ;
Dimensiones 17 cm.
490 1# - MENCIÓN DE SERIE
Mención de serie Clásicos Ariel
Designación de volumen o secuencia 82
650 #4 - PUNTO DE ACCESO ADICIONAL DE MATERIA--TÉRMINO DE MATERIA
Término de materia o nombre geográfico como elemento de entrada Novela ecuatoriana
9 (RLIN) 5017
650 #4 - PUNTO DE ACCESO ADICIONAL DE MATERIA--TÉRMINO DE MATERIA
Término de materia o nombre geográfico como elemento de entrada Literatura ecuatoriana
9 (RLIN) 3938
650 #4 - PUNTO DE ACCESO ADICIONAL DE MATERIA--TÉRMINO DE MATERIA
Término de materia o nombre geográfico como elemento de entrada Familia
Subdivisión general Novela
9 (RLIN) 31541
700 1# - PUNTO DE ACCESO ADICIONAL--NOMBRE DE PERSONA
Nombre de persona Rodríguez Castelo, Hernan,
Término indicativo de función/relación intr.
9 (RLIN) 45487
830 #0 - PUNTO DE ACCESO ADICIONAL DE SERIE-TÍTULO UNIFORME
Título uniforme Clásicos Ariel
Designación de volumen o secuencia 82
9 (RLIN) 3125
Holdings
Estado de retiro Estado de pérdida Restricciones de uso No para préstamo Código de colección Localización permanente Ubicación/localización actual Ubicación en estantería Fecha de adquisición Número de inventario Total de préstamos Signatura topográfica completa Código de barras Fecha visto por última vez Precio válido a partir de Tipo de ítem Koha
        Monografías: Libros y Folletos General General En catalogación 14.09.2010 LF1   E863.44 C318e 21918-10 25.06.2020 25.06.2020 Préstamo en sala

Powered by Koha